000
00316nam a22001337a 4500
003
SGT
020
_a
978-81-7391-807-4
082
_a
617.8
_b
D18R
100
_a
RELEKAR, SADHANA
245
_a
DSE (HI) FUNDAMENTALS OF SPEECH AND SPEECH TEACHING
260
_a
INDIA
_b
RCI
_c
2018
300
_a
147
942
_2
ddc
_c
BK
_0
3
999
_c
18013
_d
18013